Minecraft structures by hints (Hard) - Statistics

General Stats
  • This quiz has been taken 43 times
  • The average score is 12 of 22
Answer Stats
Hint Structure % Correct
Both Iron Golems and Allays might generate here. Pillager Outpost
79%
Only way to find naturally generated quartz blocks Bastion Remnant
74%
This structure can have a hidden basement entry under the carpet. Igloo
71%
There are only 128 of this structure in the entire Minecraft world. Stronghold
71%
This structure is a little bit different if it generates in the badlands. Mineshaft
68%
This structure is needed for both bosses of the game Nether Fortress
65%
Can generate in both nether and the overworld. Ruined Portal
65%
Only structure besides Village where a Cat can spawn. Swamp Hut
65%
This structure can only be found in the variations of deep oceans. Ocean Monument
62%
Only structure to have the Wild Armour Trim Smithing Template. Jungle Pyramid
59%
The only way to obtain the rare items of large fern and tall grass is from this structure. Village
59%
This structure has hidden suspicious sand in a side room Desert Pyramid
56%
Bogged can spawn in here. Trial Chamber
56%
Only way to find a naturally generated Block of Lapis Lazuli Woodland Mansion
56%
Consists of either acacia, birch, dark oak, jungle, oak or spruce wood. Shipwreck
53%
In this overworld structure, no mobs can spawn, expect for one. Ancient City
44%
Only way to find a naturally generated Item Frame End City
44%
This structure only consists of one block Buried Treasure
38%
Only way to get the sniffer egg is from this structure. Ocean Ruins
38%
Structure that you need to acces the main feature of the 1.21.6 Update Nether Fossil
32%
Only way to find a naturally generated Block of Coal Trail Ruins
26%
Only way to find naturally generated Brown Stained Glass Panes Abandoned Village
15%
No matching quizzes found
Score Distribution
Percent of People with Each Score
Percentile by Number Answered
Your Score History
You have not taken this quiz